[Event "AUTO-OPEN-3293"]
[Site "http://www.queenalice.com/game.php?id=1296232"]
[Date "2014.7.20"]
[Round "1"]
[White "ChessColossos"]
[Black "carito30236"]
[Result "0-1"]
[WhiteElo "1270"]
[BlackElo "1832"]

1. e4 c5 2. Nf3 Nc6 3. d4 cxd4 4. Nxd4 Nxd4 5. Qxd4 e6 6. Bb5 Ne7 7. Bf4 Nc6 8.
Bxc6 bxc6 9. Bd6 Qa5+ 10. Nc3 c5 11. Qd2 Qb6 12. Bxf8 Rxf8 13. O-O-O a5 14. Na4
Qc6 15. Nc3 h6 16. f3 a4 17. a3 f6 18. h4 Rb8 19. Qd6 Qxd6 20. Rxd6 Ke7 21. Rhd1
Ra8 22. Nb5 f5 23. exf5 Rxf5 24. Nc3 Ra7 25. Ne4 c4 26. Nc3 Ra6 27. R6d4 g5 28.
hxg5 hxg5 29. Rxc4 Bb7 30. Rc7 Bc6 31. Ne4 Kd8 32. Rxc6 Rxc6 33. Nc3 Rc4 34. Ne4
Rc7 35. Nd6 Rfc5 36. c3 Ke7 37. Ne4 Re5 38. Rd4 d5 39. Nd2 Re2 40. g4 Kf6 41.
Rxa4 e5 42. Ra6+ Kg7 43. a4 d4 44. c4 d3 45. b4 Re1+ 46. Kb2 Rb7 47. b5 Re2 48.
Kc3 e4 49. fxe4 Rg2 50. c5 Rxg4 51. Kxd3 Rg3+ 52. Kc4 Kf7 53. b6 Rh3 54. Ra7
Rxa7 0-1

[Event "AUTO-OPEN-3293"]
[Site "http://www.queenalice.com/game.php?id=1296233"]
[Date "2014.7.20"]
[Round "1"]
[White "carito30236"]
[Black "ChessColossos"]
[Result "1-0"]
[WhiteElo "1866"]
[BlackElo "1555"]

1. d4 d5 2. g3 Nf6 3. Bg2 Nc6 4. Nf3 Bg4 5. Qd3 e6 6. Qb5 Rb8 7. Ne5 Bd6 8. Bg5
O-O 9. Nxg4 Nxg4 10. Bxd8 Rfxd8 11. c3 a6 12. Qd3 Na5 13. e4 dxe4 14. Qxe4 Nf6
15. Qd3 Nd5 16. O-O b5 17. Bxd5 exd5 18. Nd2 Re8 19. Rfe1 Nc4 20. Rxe8+ Rxe8 21.
Nxc4 dxc4 22. Qf5 g6 23. Qf6 Re6 24. Qd8+ Kg7 25. b3 cxb3 26. axb3 1-0

[Event "AUTO-OPEN-3293"]
[Site "http://www.queenalice.com/game.php?id=1296242"]
[Date "2014.7.20"]
[Round "1"]
[White "Arthur0007"]
[Black "carito30236"]
[Result "1-0"]
[WhiteElo "2070"]
[BlackElo "1851"]

1. e4 c5 2. d3 g6 3. Be2 Bg7 4. f4 Nc6 5. Nf3 d6 6. O-O Nf6 7. Nc3 Qb6 8. Kh1
Bd7 9. e5 dxe5 10. Nxe5 O-O 11. Nxd7 Nxd7 12. Nd5 Qd8 13. Bf3 Rb8 14. c3 e5 15.
Re1 Nf6 16. Nxf6+ Qxf6 17. Bxc6 Qxc6 18. fxe5 Rfe8 19. Bf4 Rbc8 20. d4 Rcd8 21.
Qf3 cxd4 22. cxd4 Qxf3 23. gxf3 Rxd4 24. Be3 Rb4 25. Bxa7 Rxb2 26. Bd4 Rb5 27.
f4 Rb4 28. Red1 Rd8 29. Be3 Re8 30. Rac1 f6 31. Rc7 fxe5 32. Rdd7 Rb1+ 33. Kg2
Bf8 34. fxe5 Rb2+ 35. Kg3 b6 36. Bd4 Rb4 37. Bc3 Ra4 38. Rxh7 b5 39. e6 Bd6+ 40.
Kh3 Bxc7 41. Rh8# 1-0

[Event "AUTO-OPEN-3293"]
[Site "http://www.queenalice.com/game.php?id=1296243"]
[Date "2014.7.20"]
[Round "1"]
[White "carito30236"]
[Black "Arthur0007"]
[Result "0-1"]
[WhiteElo "1842"]
[BlackElo "2061"]

1. d4 d5 2. g3 e6 3. Bg2 c5 4. Nf3 Nc6 5. O-O Nf6 6. Bg5 cxd4 7. Nxd4 Bc5 8. Nb3
Bb6 9. Nc3 O-O 10. a4 h6 11. Bxh6 gxh6 12. Nd2 a5 13. e3 Ne5 14. Nf3 Nc4 15. b3
Bc5 16. bxc4 dxc4 17. Qe2 Rb8 18. Rab1 Qe7 19. Qxc4 b6 20. Qh4 Kg7 21. Ne4 Nxe4
22. Qxe4 Bb7 23. Qg4+ Kh7 24. Ne5 Bxg2 25. Kxg2 Rg8 26. Qh5 Rb7 27. Ng4 Qg5 28.
Qxg5 Rxg5 29. Nf6+ Kg6 30. Ne4 Re5 31. Nd2 Bb4 32. Nf3 Rc5 33. Rfc1 Ba3 34. Rd1
Rxc2 35. h4 f6 36. Nd4 Rc4 37. Nxe6 Rxa4 38. Nd4 Bc5 39. Ne6 Be7 40. Rd5 Rb4 41.
Nf4+ Kf7 42. Rxb4 Bxb4 43. Rb5 Bc5 44. Nd3 Be7 45. g4 a4 46. f4 a3 47. Rb1 b5
48. Ra1 b4 49. g5 b3 50. Rb1 b2 51. gxh6 Kg6 52. Kf3 a2 53. Rxb2 Rxb2 54. Nxb2
a1=Q 0-1

[Event "AUTO-ADV-3198"]
[Site "http://www.queenalice.com/game.php?id=1296519"]
[Date "2014.7.22"]
[Round "1"]
[White "Parma"]
[Black "carito30236"]
[Result "1-0"]
[WhiteElo "1820"]
[BlackElo "1849"]

1. d4 Nf6 2. e3 b6 3. Nf3 Bb7 4. Be2 d5 5. O-O Nbd7 6. c4 c5 7. dxc5 bxc5 8.
cxd5 Bxd5 9. Nc3 Bb7 10. b3 a6 11. Ba3 Qc7 12. Na4 e6 13. Rc1 Rd8 14. Qc2 Be4
15. Qc3 Nd5 16. Qc4 Bxf3 17. Bxf3 N5b6 18. Nxb6 Qxb6 19. Qa4 Be7 20. Rfd1 O-O
21. Rxd7 Rxd7 22. Qxd7 Bd6 23. g3 h6 24. Qc6 Qxc6 25. Bxc6 Rc8 26. Bf3 f5 27. b4
c4 28. Be2 a5 29. Bxc4 Kh8 30. Bxe6 Rf8 31. Bb2 axb4 32. Rc6 Bb8 33. Rb6 Kh7 34.
Rxb4 Bd6 35. Rb7 Ra8 36. Rxg7+ Kh8 37. Ra7+ 1-0

[Event "AUTO-ADV-3198"]
[Site "http://www.queenalice.com/game.php?id=1296520"]
[Date "2014.7.22"]
[Round "1"]
[White "carito30236"]
[Black "Parma"]
[Result "1-0"]
[WhiteElo "1833"]
[BlackElo "1838"]

1. d4 d5 2. g3 e6 3. Bg2 Be7 4. Nf3 Nf6 5. O-O O-O 6. Be3 b6 7. a3 c5 8. Nbd2 c4
9. c3 a5 10. b4 axb4 11. axb4 Rxa1 12. Qxa1 Bd7 13. Bf4 b5 14. Ne1 Bc6 15. Qa7
Bd6 16. Ndf3 Bxf4 17. gxf4 Nbd7 18. Ne5 Nxe5 19. dxe5 Nh5 20. Qd4 Qh4 21. e3 g6
22. Nf3 Qe7 23. Ra1 Ra8 24. Rxa8+ Bxa8 25. Qb6 Qe8 26. Nd4 1-0

[Event "AUTO-ADV-3198"]
[Site "http://www.queenalice.com/game.php?id=1296531"]
[Date "2014.7.22"]
[Round "1"]
[White "Pagano"]
[Black "carito30236"]
[Result "1-0"]
[WhiteElo "2024"]
[BlackElo "1886"]

1. e4 c5 2. Nf3 e6 3. c3 Nc6 4. d4 a6 5. d5 exd5 6. exd5 Qe7+ 7. Be2 Ne5 8. O-O
Nxf3+ 9. Bxf3 Qd6 10. Re1+ Be7 11. g3 Nf6 12. Bf4 Qb6 13. d6 O-O 14. Rxe7 Qxb2
15. Nd2 Qxc3 16. Be5 Qd3 17. Rc1 Ne8 18. Rc3 Qb5 19. Bd5 Nf6 20. Bxf6 gxf6 21.
Qg4+ Kh8 22. Rxf7 Rg8 23. Rxh7+ Kxh7 24. Qxg8+ Kh6 25. Bf7 1-0

[Event "AUTO-ADV-3198"]
[Site "http://www.queenalice.com/game.php?id=1296532"]
[Date "2014.7.22"]
[Round "1"]
[White "carito30236"]
[Black "Pagano"]
[Result "0-1"]
[WhiteElo "1876"]
[BlackElo "2037"]

1. d4 d5 2. g3 c5 3. Bg2 Nf6 4. Nf3 Nc6 5. O-O cxd4 6. Nxd4 e5 7. Nb3 Be6 8. Bg5
Be7 9. Bxf6 Bxf6 10. Nc3 e4 11. Na4 b6 12. f4 Qd7 13. c3 h5 14. Qc2 Rc8 15. Rfd1
h4 16. Bxe4 hxg3 17. f5 gxh2+ 18. Kh1 dxe4 19. Rxd7 Bxd7 20. Qxe4+ Ne5 21. Nd4
Bxa4 22. Qb7 Bd7 23. Qxa7 Ng4 24. Rf1 Bxd4 25. cxd4 Bc6+ 26. Rf3 Bxf3+ 27. exf3
Rc1+ 0-1

[Event "AUTO-ADV-3198"]
[Site "http://www.queenalice.com/game.php?id=1296539"]
[Date "2014.7.22"]
[Round "1"]
[White "carito30236"]
[Black "solzhenitsyn"]
[Result "1-0"]
[WhiteElo "1834"]
[BlackElo "1932"]

1. d4 Nf6 2. Nc3 e6 3. e4 Bb4 4. Qf3 h6 5. e5 Nd5 6. Bc4 Bxc3+ 7. bxc3 Nb6 8.
Bd3 Nd5 9. Ne2 b6 10. Be4 c6 11. c4 Ne7 12. a4 O-O 13. Ba3 Ba6 14. Bd3 Ng6 15.
Bxf8 Qxf8 16. O-O Bb7 17. a5 Na6 18. Nf4 Nxf4 19. Qxf4 Nb4 20. axb6 Nxd3 21.
cxd3 axb6 22. Rab1 Qd8 23. h3 Ra3 24. Qg3 Qc7 25. Rb2 1-0

[Event "AUTO-ADV-3198"]
[Site "http://www.queenalice.com/game.php?id=1296540"]
[Date "2014.7.22"]
[Round "1"]
[White "solzhenitsyn"]
[Black "carito30236"]
[Result "1-0"]
[WhiteElo "1966"]
[BlackElo "1808"]

1. d4 Nf6 2. c4 b6 3. Nf3 Bb7 4. Nc3 d5 5. cxd5 Bxd5 6. Nxd5 Qxd5 7. e3 a5 8.
Qa4+ c6 9. Bd3 b5 10. Qc2 Na6 11. e4 Qd7 12. Be3 Nb4 13. Qd2 e6 14. a3 Nxd3+ 15.
Qxd3 b4 16. a4 Be7 17. Ne5 Qd6 18. Rc1 Rc8 19. Qa6 O-O 20. f3 Ra8 21. Qxc6 Qd8
22. O-O Rc8 23. Qxc8 Qxc8 24. Rxc8 Rxc8 25. Rc1 Rxc1+ 26. Bxc1 Bd6 27. Nc6 Bc7
28. g3 h6 29. b3 Nd7 30. Bf4 Bb6 31. Kg2 g5 32. Bc1 Kg7 33. Bb2 f6 34. d5 exd5
35. exd5 Bc7 36. Bd4 Kg6 37. h3 h5 38. g4 hxg4 39. hxg4 Bd8 40. Nxd8 f5 41.
gxf5+ Kxf5 42. Nb7 g4 43. fxg4+ Kxg4 44. Nxa5 Kf4 45. Nc6 Ke4 46. Bf2 Kxd5 47.
Nxb4+ Kd6 48. a5 Kc7 49. a6 Kb8 50. a7+ Kb7 51. Nd5 Ka8 52. b4 Kb7 53. Nc7 Nb6
54. Bxb6 Kxb6 55. a8=Q Kxc7 56. b5 1-0

[Event "AUTO-OPEN-3294"]
[Site "http://www.queenalice.com/game.php?id=1296559"]
[Date "2014.7.22"]
[Round "1"]
[White "carito30236"]
[Black "Raiman"]
[Result "0-1"]
[WhiteElo "1844"]
[BlackElo "2272"]

1. d4 Nf6 2. g3 g6 3. Bg2 Bg7 4. Nf3 d6 5. O-O O-O 6. b3 c5 7. dxc5 Ne4 8. c3
Nxc5 9. Bb2 Nc6 10. Nbd2 Bd7 11. a4 Rc8 12. Re1 d5 13. b4 Ne4 14. Nxe4 dxe4 15.
Nd2 e3 16. fxe3 Nxb4 17. Qb3 Nc6 18. Qxb7 Rb8 19. Qa6 Rb6 20. Qc4 Rxb2 21. Bxc6
Bxc6 22. Qxc6 Qxd2 23. Rad1 Qxe3+ 24. Kf1 Rb6 25. Qf3 Rf6 26. Qxf6 Bxf6 27. Rd3
Qe4 28. Kf2 Rc8 29. Re3 Qxa4 0-1

[Event "AUTO-OPEN-3294"]
[Site "http://www.queenalice.com/game.php?id=1296560"]
[Date "2014.7.22"]
[Round "1"]
[White "Raiman"]
[Black "carito30236"]
[Result "1-0"]
[WhiteElo "2293"]
[BlackElo "1835"]

1. Nf3 d5 2. e3 g6 3. c4 Bg7 4. cxd5 Qxd5 5. Nc3 Bxc3 6. bxc3 Nc6 7. Bb2 f6 8.
c4 Qa5 9. Bc3 Qa3 10. Rb1 Nh6 11. Qc2 Qd6 12. d4 O-O 13. Bd3 f5 14. d5 Nd8 15.
Ba1 Qa3 16. Rb3 Qa5+ 17. Ke2 Bd7 18. Qb2 Rf6 19. Qd4 Qxa2+ 20. Nd2 Qa6 21. c5 b5
22. cxb6 Qb7 23. Qc5 Rd6 24. bxc7 Qxd5 25. Bc4 Ne6 26. Bxd5 Rc8 27. Rb8 Nf7 28.
Bxe6 Rxe6 29. Qd4 Ne5 30. Qxe5 Rxe5 31. Bxe5 Kf7 32. Nf3 h6 33. Rd1 Ke6 34. Rxc8
Bxc8 35. Rd8 1-0

[Event "AUTO-OPEN-3294"]
[Site "http://www.queenalice.com/game.php?id=1296561"]
[Date "2014.7.22"]
[Round "1"]
[White "carito30236"]
[Black "leandrovinsk"]
[Result "1-0"]
[WhiteElo "1840"]
[BlackElo "1449"]

1. d4 Nf6 2. Nc3 g6 3. g3 Bg7 4. e4 d6 5. Bg2 O-O 6. Nf3 Bg4 7. O-O b5 8. Re1
Nfd7 9. Nxb5 Nc6 10. Be3 Bxf3 11. Bxf3 a6 12. Na3 e5 13. c3 f5 14. exf5 Rxf5 15.
Bxc6 exd4 16. Bxa8 dxe3 17. Rxe3 Qxa8 18. Qe1 Ne5 19. Nc4 Nf3+ 20. Rxf3 Rxf3 21.
a4 Kf7 22. Nd2 Rd3 23. Qe2 Rd5 24. f3 Be5 25. Re1 Qc6 26. c4 Ra5 27. Ne4 Rxa4
28. b3 Qb6+ 29. Kf1 Qxb3 30. f4 Bxf4 31. gxf4 Ra2 32. Ng5+ Kg7 33. Qe7+ Kh6 34.
Qxh7# 1-0

[Event "AUTO-OPEN-3294"]
[Site "http://www.queenalice.com/game.php?id=1296562"]
[Date "2014.7.22"]
[Round "1"]
[White "leandrovinsk"]
[Black "carito30236"]
[Result "0-1"]
[WhiteElo "1463"]
[BlackElo "1838"]

1. d4 Nf6 2. c4 b6 3. Nc3 Bb7 4. Nf3 e6 5. e3 Nc6 6. a3 d5 7. cxd5 Nxd5 8. Bc4
Nxc3 9. bxc3 a6 10. O-O b5 11. d5 Na5 12. Bb3 Nxb3 13. Qxb3 exd5 14. Qd1 Bc5 15.
Re1 Qd6 16. Nd4 O-O 17. Bb2 c6 18. Qg4 Bc8 19. c4 Bxg4 20. h3 Bd7 21. cxb5 Bxd4
22. Bxd4 c5 23. b6 cxd4 24. b7 Rab8 25. Re2 Rxb7 26. g4 dxe3 27. Rxe3 d4 28. Rd1
f5 29. f3 Qg3+ 0-1

[Event "AUTO-OPEN-3294"]
[Site "http://www.queenalice.com/game.php?id=1296563"]
[Date "2014.7.22"]
[Round "1"]
[White "carito30236"]
[Black "Parma"]
[Result "0-1"]
[WhiteElo "1870"]
[BlackElo "1795"]

1. d4 d5 2. g3 c5 3. Bg2 e6 4. Nf3 Nf6 5. O-O Be7 6. Bg5 O-O 7. Re1 Nc6 8. Bxf6
Bxf6 9. c3 Qb6 10. Qc2 cxd4 11. e4 dxe4 12. Nxd4 Nxd4 13. cxd4 Bxd4 14. Re2 e3
15. Nc3 exf2+ 16. Kf1 Bd7 17. Rb1 Rac8 18. Be4 h6 19. Nd1 Rxc2 20. Rxc2 Bb5+ 0-1

[Event "AUTO-OPEN-3294"]
[Site "http://www.queenalice.com/game.php?id=1296564"]
[Date "2014.7.22"]
[Round "1"]
[White "Parma"]
[Black "carito30236"]
[Result "1-0"]
[WhiteElo "1851"]
[BlackElo "1854"]

1. d4 Nf6 2. c4 b6 3. e3 Bb7 4. Nf3 d6 5. Be2 g6 6. O-O Bg7 7. Nc3 Nbd7 8. a3
Rb8 9. b4 a5 10. b5 c6 11. a4 e5 12. dxe5 dxe5 13. e4 O-O 14. Bb2 Nc5 15. Qc2
cxb5 16. cxb5 Nfxe4 17. Rfd1 Qc8 18. Nd5 Bxd5 19. Rxd5 f6 20. Bc4 Kh8 21. h3 Rd8
22. Rad1 Qc7 23. Ba3 h5 24. Rxd8+ Rxd8 25. Rxd8+ Qxd8 26. Bxc5 Nxc5 27. Qxg6 Qf8
28. Qxh5+ Bh6 29. Nh4 Qg7 30. Nf5 Qg5 31. Qxh6+ Qxh6 32. Nxh6 Nxa4 33. Ng8 Nb2
34. Ba2 Kg7 35. Ne7 Kh6 36. Nd5 Na4 37. Nxf6 Nc3 38. Bc4 a4 39. Nd5 Nxd5 40.
Bxd5 Kg5 41. g3 Kf5 42. f3 a3 43. Kf2 Kg5 44. Ke3 Kf5 45. h4 1-0

[Event "Challenge"]
[Site "http://www.queenalice.com/game.php?id=1297543"]
[Date "2014.7.27"]
[Round "-"]
[White "carito30236"]
[Black "Joaquim_Manoel"]
[Result "0-1"]
[WhiteElo "1866"]
[BlackElo "1659"]

1. d4 f5 2. Nc3 Nf6 3. g3 e6 4. Bg2 Be7 5. e4 fxe4 6. Nxe4 O-O 7. Qd3 Nxe4 8.
Qxe4 Nc6 9. Ne2 Bf6 10. O-O b6 11. d5 exd5 12. Qxd5+ Kh8 13. Nf4 Rb8 14. Qh5 Qe8
15. Qxe8 Rxe8 16. Nd5 Be5 17. Re1 Ba6 18. f4 Bd6 19. Rxe8+ Rxe8 20. Be3 Na5 21.
b4 Nc4 22. Bf2 c6 23. Nc3 Bxb4 24. Be1 h5 25. Bh3 g6 26. Bxd7 Rxe1+ 27. Rxe1
Bxc3 28. Re8+ Kg7 29. Bxc6 Bd4+ 30. Kg2 Ne3+ 31. Kf3 Nxc2 32. Re7+ Kf6 33. Rxa7
Bf1 34. Rd7 Bc5 35. g4 Ne1+ 36. Kg3 h4+ 37. Kxh4 Bf2# 0-1

[Event "Buena Suerte"]
[Site "http://www.queenalice.com/game.php?id=1297546"]
[Date "2014.7.27"]
[Round "-"]
[White "Joaquim_Manoel"]
[Black "carito30236"]
[Result "0-1"]
[WhiteElo "1561"]
[BlackElo "1883"]

1. e4 c5 2. d3 Nf6 3. f4 d6 4. Nf3 Bg4 5. Be2 Qb6 6. O-O Nc6 7. Kh1 O-O-O 8. c4
e6 9. Nc3 d5 10. cxd5 exd5 11. e5 d4 12. exf6 dxc3 13. fxg7 Bxg7 14. Qc2 cxb2
15. Bxb2 Qxb2 16. Qd1 Bxf3 17. Bxf3 Qxa1 18. Qxa1 Bxa1 19. Rxa1 Rxd3 20. h3 Nd4
21. Bd5 f6 22. Rb1 b6 23. Bc4 Rd2 24. f5 Kc7 25. g4 Rb8 26. Re1 b5 27. Bf7 c4
28. Re7+ Kd6 29. Rxa7 c3 0-1

[Event "Challenge"]
[Site "http://www.queenalice.com/game.php?id=1298467"]
[Date "2014.8.1"]
[Round "-"]
[White "filomenos"]
[Black "carito30236"]
[Result "1-0"]
[WhiteElo "1960"]
[BlackElo "1842"]

1. d4 Nf6 2. g3 d5 3. Bg2 Bf5 4. Nf3 h5 5. c3 Ne4 6. Nbd2 Nc6 7. Nxe4 Bxe4 8.
O-O Bxf3 9. Bxf3 e6 10. e4 dxe4 11. Bxe4 Qd6 12. Bf4 e5 13. dxe5 Qxd1 14. Bxc6+
Qd7 15. Bxd7+ Kxd7 16. Rad1+ Ke6 17. Rfe1 b5 18. Bc1 a5 19. f4 c5 20. Be3 Rc8
21. Rd2 Be7 22. Red1 b4 23. cxb4 axb4 24. b3 Ra8 25. h4 Rhd8 26. Rxd8 Rxd8 27.
Rxd8 Bxd8 28. Bxc5 Ba5 29. Kf2 Kd5 30. Be3 Ke4 31. Ke2 Kf5 32. Kf3 Ke6 33. Ke4
f5+ 34. Kd3 Kd5 35. Bd2 g6 36. a4 Bb6 37. Ke2 Ke4 38. Bxb4 Kd4 39. a5 1-0

[Event "Challenge"]
[Site "http://www.queenalice.com/game.php?id=1298468"]
[Date "2014.8.1"]
[Round "-"]
[White "carito30236"]
[Black "filomenos"]
[Result "0-1"]
[WhiteElo "1798"]
[BlackElo "1950"]

1. d4 d5 2. g3 g6 3. Bg2 Bg7 4. Nc3 c6 5. Nf3 Nf6 6. O-O O-O 7. Re1 Nbd7 8. e4
dxe4 9. Nxe4 Nxe4 10. Rxe4 Nb6 11. Qe1 e6 12. c3 Nd5 13. c4 Nf6 14. Bg5 Qb6 15.
Bxf6 Bxf6 16. b4 Qc7 17. a4 b6 18. Ne5 Bxe5 19. Rxe5 Bb7 20. h4 h5 21. Qd2 Rad8
22. Qc3 Rd7 23. Rd1 Rfd8 24. Kh2 Qb8 25. c5 Qc7 26. Rc1 Rxd4 27. Re4 Rd3 28. Qe1
R8d4 29. Rxd4 Rxd4 30. f4 Qd8 31. b5 Qc7 32. bxc6 Ba8 33. cxb6 axb6 34. Qe5 Qxe5
35. fxe5 Bxc6 36. Bxc6 Kf8 37. Rb1 Rd2+ 38. Kh3 Re2 39. Rxb6 Rxe5 40. Ra6 Kg7
41. a5 Rc5 42. Bg2 Kf6 43. Ra8 e5 44. a6 Ra5 45. a7 Kf5 46. Bf3 f6 47. g4+ hxg4+
48. Bxg4+ Ke4 49. Kg2 f5 50. Bf3+ Kf4 51. Bc6 Ra2+ 52. Kf1 Ra1+ 0-1

[Event "Challenge"]
[Site "http://www.queenalice.com/game.php?id=1303848"]
[Date "2014.8.24"]
[Round "-"]
[White "cyrano"]
[Black "carito30236"]
[Result "1-0"]
[WhiteElo "1665"]
[BlackElo "1831"]

1. e4 c5 2. d4 e6 3. d5 exd5 4. exd5 Qe7+ 5. Be3 Nf6 6. h3 d6 7. c4 h6 8. Nc3
Na6 9. a3 Qe5 10. Qa4+ Ke7 11. Nge2 Nd7 12. h4 Nb6 13. Qb3 Bg4 14. Bd4 Qf5 15.
Be3 Kd8 16. Nb5 Bxe2 17. Bxe2 g6 18. Nxa7 Bg7 19. Qxb6+ Ke7 20. Qxb7+ Qd7 21.
Qxa6 Rxa7 22. Qc6 Qxc6 23. dxc6 Bxb2 24. Rd1 Bc3+ 25. Bd2 Rxa3 26. Rb1 Bxd2+ 27.
Kxd2 Rc8 28. Rb7+ Kf6 29. c7 Raa8 30. Rhb1 Ra2+ 31. Ke1 Ra6 32. Bg4 Rxc7 33.
Rxc7 h5 34. Bd1 1-0

[Event "Challenge"]
[Site "http://www.queenalice.com/game.php?id=1306263"]
[Date "2014.9.5"]
[Round "-"]
[White "ORNELAS"]
[Black "carito30236"]
[Result "1-0"]
[WhiteElo "1649"]
[BlackElo "1788"]

1. e4 c5 2. e5 Nc6 3. Nf3 g6 4. c3 Bg7 5. Bc4 e6 6. d3 Bxe5 7. Bg5 f6 8. Nxe5
Nxe5 9. Bf4 Qb6 10. Bxe5 fxe5 11. O-O Qxb2 12. Nd2 Qxc3 13. Rc1 Qa5 14. Re1 Qc7
15. Ne4 d5 16. Ng5 dxc4 17. dxc4 Ne7 18. Qf3 1-0

[Event "Challenge"]
[Site "http://www.queenalice.com/game.php?id=1309596"]
[Date "2014.9.21"]
[Round "-"]
[White "cyrano"]
[Black "carito30236"]
[Result "0-1"]
[WhiteElo "1660"]
[BlackElo "1766"]

1. e4 c5 2. c4 Nc6 3. d3 e5 4. f4 exf4 5. Bxf4 f6 6. a3 Qb6 7. Qd2 Nd4 8. e5 Qe6
9. Qc3 fxe5 10. Be3 Nf6 11. h3 d5 12. cxd5 Nxd5 13. Qc4 b5 14. Qc1 Nxe3 15. Kf2
Qf5+ 16. Nf3 Nxf3 17. gxf3 Nd5 18. Nd2 Ba6 19. b4 Rc8 20. Qe1 Bd6 21. Ne4 Be7
22. h4 cxb4 23. a4 O-O 24. Qd2 Qxf3+ 25. Kg1 Ne3 26. Rh3 Qg4+ 27. Ng3 Rxf1+ 28.
Rxf1 Nxf1 29. Qg2 Ne3 30. Qh2 Rc1+ 31. Kf2 Rc2+ 32. Kxe3 Qf4# 0-1

[Event "OS INCLIVEIS"]
[Site "http://www.queenalice.com/game.php?id=1319458"]
[Date "2014.10.31"]
[Round "-"]
[White "carito30236"]
[Black "adelio"]
[Result "0-1"]
[WhiteElo "1778"]
[BlackElo "1650"]

1. d4 d5 2. g3 c5 3. Bg2 Nc6 4. Nf3 e6 5. Bg5 f6 6. Be3 c4 7. O-O b5 8. b3 a5 9.
bxc4 bxc4 10. Bf4 Ra7 11. Re1 g5 12. Bd2 h5 13. Be3 Bd6 14. Bd2 h4 15. e4 hxg3
16. fxg3 Rah7 17. exd5 g4 18. Nh4 Nxd4 19. c3 Nf3+ 20. Bxf3 Bxg3 21. hxg3 Rxh4
22. gxh4 gxf3 23. Qa4+ Bd7 24. Qxc4 Ne7 25. dxe6 Qb6+ 26. Be3 Qxe6 27. Qxe6 Bxe6
28. Bd4 Rg8+ 29. Kf2 Bd5 30. Nd2 Rg2+ 31. Kf1 Kf7 32. c4 Ba8 33. Ne4 Nf5 34. Bb6
Nxh4 35. Rad1 Rxa2 36. Ra1 Rh2 37. Nf2 Nf5 38. Ng4 Ng3+ 39. Kg1 Rg2# 0-1

[Event "OS INCLIVEIS"]
[Site "http://www.queenalice.com/game.php?id=1319459"]
[Date "2014.10.31"]
[Round "-"]
[White "adelio"]
[Black "carito30236"]
[Result "0-1"]
[WhiteElo "1728"]
[BlackElo "1757"]

1. d4 d5 2. e4 dxe4 3. Nc3 Nf6 4. f3 exf3 5. Nxf3 b6 6. Ne5 h5 7. Nxf7 Kxf7 8.
Qf3 c6 9. Be3 Be6 10. Ne4 Bd5 11. Bd3 Bxe4 12. Bxe4 e6 13. O-O Be7 14. Qg3 Ke8
15. Qxg7 Rg8 16. Bg6+ Kd7 17. Qh6 Ng4 18. Qxh5 Nxe3 19. Rf7 Rf8 20. Qh3 Rxf7 21.
Bxf7 Nxc2 22. Qxe6+ Kc7 23. Rd1 Bd6 24. Rd2 Nb4 25. g3 Qg5 26. Qe2 Nd7 27. Qg2
Rf8 28. Bb3 Nf6 29. a3 Nbd5 30. Rd3 Ng4 31. Rf3 Nde3 32. Rxf8 Nxg2 33. Rf7+ Be7
34. Kxg2 Ne3+ 35. Kh1 Kd6 36. Rf4 Qb5 37. Bf7 Qxb2 38. Bd5 Kxd5 39. h4 Qg2# 0-1